Translational Criminology and Counterterrorism : Global Threats and Local Responses /

Desde la teoría y la práctica, se analiza cómo se han abordado las amenazas internacionales, muchas de ellas derivadas de la globalización. Se unen las perspectivas local y de cooperación entre naciones, la criminología, la seguridad nacional y la política para ejemplificar cómo se ha respondido al...

Descripción completa

Guardado en:
Detalles Bibliográficos
Autor principal: Kennedy, Leslie W. (autor)
Otros autores: Irvin-Erickson, Yasemin (autor) (autor), Kennedy, Alexis R. (autor) (autor)
Formato: Libro
Idioma:Inglés
Publicado: Nueva York, EUA : Springer, 2014, c2014
Colección:(Springer Briefs in Criminology)
(Springer Briefs in Translational Criminology)
Temas:
Acceso en línea:Ver documento en línea
Etiquetas: Agrega una etiqueta
Sin etiquetas, Sé el primero en etiquetar este registro!

MARC

LEADER 00000nam^a2200000^a^4500
001 000432193
005 20251023000000.0
009 20260310123008.326
020 |a 978-1-4614-5556-1 
037 |a Acervo ITESO - Biblioteca 
041 |a ING 
082 |a 363. 32  |b KEN 
100 |a Kennedy, Leslie W.  |e (autor) 
245 1 0 |a Translational Criminology and Counterterrorism :  |b Global Threats and Local Responses /  |c L.W. Kennedy, Y. Irvin-Erickson, A.R. Kennedy. 
264 4 |a Nueva York, EUA :  |b Springer,  |c 2014, c2014 
264 2 |a Cham, Suiza :  |b Springer Link [distribución],  |c 2014 
300 |a 1 libro electrónico en línea (VIII, 63 p.) 
300 |a 1 recurso en línea 
336 |a datos para computadora  |b cod  |2 rdacontenido 
337 |a computadora  |b c  |2 rdamedio 
338 |a recurso en línea  |b cr  |2 rdasoporte 
440 1 |a (Springer Briefs in Criminology) 
440 1 |a (Springer Briefs in Translational Criminology) 
506 0 |a Licencias ilimitadas 
520 |a Desde la teoría y la práctica, se analiza cómo se han abordado las amenazas internacionales, muchas de ellas derivadas de la globalización. Se unen las perspectivas local y de cooperación entre naciones, la criminología, la seguridad nacional y la política para ejemplificar cómo se ha respondido al terrorismo o al ciberterrorismo a través de la comunicación entre agencias de investigación, la recolección y sistematización de información, el modelado del terreno, la toma de decisiones, además del análisis y manejo de riesgos. Se incluye consejos para presentar los resultados de las investigaciones teóricas sobre terrorismo. 
649 |a XX 
650 |a Globalización -  |x Aspectos Políticos -  |x Tema Principal 
650 |a Internet -  |x Seguridad 
650 |a Redes de Computadoras -  |x Seguridad 
650 |a Tecnologías de Comunicación e Información -  |x Aspectos Jurídicos 
650 |a Delitos Informáticos -  |x Tema Principal 
650 |a Terrorismo -  |x Prevención -  |x Tema Principal 
650 |a Crimen Organizado -  |x Prevención 
650 |a Delitos -  |x Prevención 
650 |a Violencia Política -  |x Prevención 
650 |a Seguridad Nacional -  |x Tema Principal 
650 |a Criminología 
650 |a Derecho Informático 
650 |a Derecho Penal 
650 |a Derecho Público 
650 |a Derecho Internacional 
650 |a Relaciones Internacionales 
650 |a Política Internacional 
700 |a Irvin-Erickson, Yasemin  |e (autor) 
700 |a Kennedy, Alexis R.  |e (autor) 
856 4 0 |u https://link-springer-com.ezproxy.iteso.mx/10.1007/978-1-4614-5556-1  |y Ver documento en línea 
910 |a Fondo General 
920 |a Electrónicos - Libros en Línea 
930 |a Plataforma Digital 
905 |a 205 
901 |a 432193-1  |b IT2  |c EBO  |i C172346  |u 20250521 
902 |a https://opac.biblio.iteso.mx/vufind/Record/000432193